000 00818nam a2200217 a 4500
001 3045035
003 OSt
005 20140306164405.0
008 950911m1990 arg spa
020 _a950-20-0067-6
040 _aDLC
_cBMC
082 _a345.82
100 1 _914971
_aFontán Balestra, Carlos
245 1 0 _aTratado de derecho penal
_cCarlos Fontán Balestra
260 _aBuenos Aires
_bAbeledo-Perrot
_c1983-1990
300 _a7 v.
_c23 cm
505 _aContiene: Tomos I-III: Parte general – 2ª ed. corr. y act., 3ª reimp. – Tomos IV-V: Parte especial – 2ª ed. act. por Guillermo A. C. Ledesma – Tomos VI-VII: Parte especial – 2ª ed., reimp. act. por Guillermo A. C. Ledesma
650 2 4 _aDerecho penal
_zArgentina
_96868
700 1 _914977
_aLedesma, Guillermo A. C.
942 _2ddc
_cBK
999 _c7739
_d7739